000 00620aas a2200193 4500
999 _c61360
_d61360
001 768714001
003 CO-MdFUSB
005 20170831111252.0
008 170831s2006 xxu||||| |||| 00| 0 eng d
022 _a0120-3649
040 _aCO-MdFUSB
_bspa
_cCO-MdFUSB
_dCO-MdFUSB
041 _aeng
100 1 _aMazar, Eilat
_eautor
245 1 0 _aDid I find king David's palace?
_c/ Mazar, Eilat
300 _aVolumen 32. Número 1 (2006), páginas 16-27
_c: 28 cm.
546 _aTexto en inglés
773 0 _tBiblical Archaeology Review
_049395
_959450
_gVolumen 32. Número 1 (2006), páginas 16-27
_qPágina 16
942 _cANA